000 00399nam a22001691c 4500
001 a74743
008 051024s1982 gw |||| 000u rus d
041 _arus
100 1 _aTichomirov, Michail N.
245 0 0 _aRusskaja paleografija
250 _aIzd. 2-e, dopoln.
264 _aMoskau :
_bVysšaja Škola,
_c1982
300 _a200 S.
942 _cMG
040 _cRU-10907106
003 RU-10907106
999 _c4351
_d4351